Movies Quiz

Random Movies or Comic Books Quiz

Graphic Novel Movies Quiz Stats

Quiz Updated Aug 13, 2012

Challenge
Share
Tweet
Score 0/25 Timer 06:00
3 Plays Today
% Correct
Kick-Ass
81.9%
300
74.8%
V for Vendetta
74%
Scott Pilgrim vs. The World
72.5%
Watchmen
70.2%
Sin City
59.1%
Cowboys and Aliens
52.7%
Wanted
51.8%
RED
34.5%
The League of Extraordinary Gentlemen
31.8%
Road to Perdition
30.4%
Ghost World
26.5%
Persepolis
25.2%
% Correct
From Hell
25.1%
Akira
24.3%
30 Days of Night
19.2%
A History of Violence
19.1%
American Splendor
14.6%
The Losers
11.1%
Whiteout
3.3%
Art School Confidential
2.6%
Monkeybone
1.9%
Surrogates
1.7%
Immortel (ad vitam)
1.2%
Largo Winch
1%

You're not logged in!

Compare scores with friends on all Sporcle quizzes.
Join for Free
OR
Log In

You Might Also Like...

Show Comments

Extras

Top Quizzes Today


Score Distribution

Your Account Isn't Verified!

In order to create a playlist on Sporcle, you need to verify the email address you used during registration. Go to your Sporcle Settings to finish the process.

Report this User

Report this user for behavior that violates our Community Guidelines.

Details: